00989nam a2200217 u 4500001001000000003000900010005001700019007000300036008004100039040002500080082002800105245019400133260007400327300003300401500007000434500005500504650006500559650002700624651006200651651005800713000003193DO-SdBNP20220408091206.0ta090707s2002 dr ac r 001 0 spa d aDO-SdBNPbspacBNPHU 4a338.97293697bD441e22213aEl desarrollo económico local y la competitividad sistémica en la provincia de la Vega :bavances del proceso de planificación /cedición, Hernán Aristizábal ; Enrique de León aLa Vega :bAgencia de Desarrollo Económico Local de la Vega,c2002. a156 p. :bil.; fots;c22 cm. a Proyecto de descentralización y desarrollo local ONAPLAN-GTZ. aProyecto de fomento a pequeña y mediana empresa. 4aPlanificación EconómicazLa VegazRepública Dominicana 4aDesarrollo económico 4aLa Vega, República DominicanaxCondiciones económicas 4aRepublica Dominicana, La VegaxPolítica económica